000 00947cam a22002651i 4500
003 SA-RiAUC
005 20240927164237.0
008 240925s1977 le g 000 0 ara c
040 _aSA-JeALM
_bara
_cSA-RiAUC
_erda
050 4 _b.M83 1977
082 0 4 _a219.1
090 _a219.1
_bم ب ا
100 1 _aالمبارك، محمد،
_d1912-1982
_eمؤلف.
245 1 2 _aالمجتمع الإسلامي المعاصر :
_bدراسات اجتماعية /
_cمحمد المبارك.
250 _aالطبعة الأولى.
264 1 _aبيروت :
_bدار الفكر،
_c1971
300 _a132 صفحة
336 _aنص
_btxt
_2rdacontent
_3كتاب
337 _aبدون وسيط
_bn
_2rdamedia
338 _aمجلد
_bnc
_2rdacarrier
490 _3دراسات اجتماعية.
650 7 _aالإسلام والإصلاح الاجتماعي
_2aucsh
942 _2ddc
_cBOOK
_n0
949 _aSA-JeALM
_d240925
_umohamedma123
_n1
999 _c596
_d596